000
00367cam a2200157ua 4500
020
_c
$ 22.6
082
_a
621.2
_b
HAD/HY
100
_a
Hadekel, R .
245
_a
Hydraulic systems and equipment
260
_a
Cambridge :
_b
Cambridge University Press ,
_c
1981.
300
_a
; .
365
_a
$ 22.6
504
_a
942
_c
BK
999
_c
1561
_d
1561